<?xml version='1.0' encoding='UTF-8'?>
  <record xmlns="http://www.loc.gov/MARC21/slim">
    <leader>00000ctm a22000007i 4500</leader>
    <controlfield tag="001">ocn965428405</controlfield>
    <controlfield tag="003">OCoLC</controlfield>
    <controlfield tag="005">20250528190905.6</controlfield>
    <controlfield tag="008">091102q14401460ne            000 0 lat d</controlfield>
    <datafield tag="040" ind1=" " ind2=" ">
      <subfield code="a">QGJ</subfield>
      <subfield code="b">dut</subfield>
      <subfield code="c">QGJ</subfield>
      <subfield code="d">OCLCL</subfield>
      <subfield code="d">OCLCQ</subfield>
    </datafield>
    <datafield tag="035" ind1=" " ind2=" ">
      <subfield code="a">(OCoLC)965428405</subfield>
    </datafield>
    <datafield tag="100" ind1="1" ind2=" ">
      <subfield code="a">Augustinus, Aurelius.</subfield>
    </datafield>
    <datafield tag="245" ind1="1" ind2="0">
      <subfield code="a">Opuscula /</subfield>
      <subfield code="c">Aurelius Augustinus.</subfield>
      <subfield code="f">UBU Hs. 62.</subfield>
    </datafield>
    <datafield tag="246" ind1="1" ind2=" ">
      <subfield code="a">Liber retractationum</subfield>
    </datafield>
    <datafield tag="246" ind1="1" ind2=" ">
      <subfield code="a">De academicis</subfield>
    </datafield>
    <datafield tag="246" ind1="1" ind2=" ">
      <subfield code="a">De vita beata</subfield>
    </datafield>
    <datafield tag="246" ind1="1" ind2=" ">
      <subfield code="a">De ordine rerum</subfield>
    </datafield>
    <datafield tag="246" ind1="1" ind2=" ">
      <subfield code="a">De quantitate animae</subfield>
    </datafield>
    <datafield tag="246" ind1="1" ind2=" ">
      <subfield code="a">De immortalitate animae</subfield>
    </datafield>
    <datafield tag="246" ind1="1" ind2=" ">
      <subfield code="a">Soliloquia</subfield>
    </datafield>
    <datafield tag="246" ind1="1" ind2=" ">
      <subfield code="a">De magistro</subfield>
    </datafield>
    <datafield tag="246" ind1="1" ind2=" ">
      <subfield code="a">Sermo seu psalmus in cantilena psalmistae contra Donatistas abcdarium</subfield>
    </datafield>
    <datafield tag="260" ind1=" " ind2=" ">
      <subfield code="a">[Utrecht?],</subfield>
      <subfield code="c">1440-1460.</subfield>
    </datafield>
    <datafield tag="300" ind1=" " ind2=" ">
      <subfield code="a">226 fol. :</subfield>
      <subfield code="b">ill. ;</subfield>
      <subfield code="c">213 x 141 (150 x 97) mm.</subfield>
    </datafield>
    <datafield tag="336" ind1=" " ind2=" ">
      <subfield code="a">text</subfield>
      <subfield code="b">txt</subfield>
      <subfield code="2">rdacontent</subfield>
    </datafield>
    <datafield tag="337" ind1=" " ind2=" ">
      <subfield code="a">unmediated</subfield>
      <subfield code="b">n</subfield>
      <subfield code="2">rdamedia</subfield>
    </datafield>
    <datafield tag="338" ind1=" " ind2=" ">
      <subfield code="a">volume</subfield>
      <subfield code="b">nc</subfield>
      <subfield code="2">rdacarrier</subfield>
    </datafield>
    <datafield tag="340" ind1=" " ind2=" ">
      <subfield code="a">perkament</subfield>
      <subfield code="k">cursiva.</subfield>
    </datafield>
    <datafield tag="500" ind1=" " ind2=" ">
      <subfield code="a">Inhoudsopgave op fol. 1v.</subfield>
    </datafield>
    <datafield tag="500" ind1=" " ind2=" ">
      <subfield code="a">Bevat: 1. Liber retractationum (fol. 2r-49v). 2. Retractatio in libro de academicis (fol. 50r-51v). Liber de academicis (fol. 51v-93r). 3. Retractatio in libro de beata vita (fol. 93v). Liber de beata vita (fol. 93v-104r). 4. Retractatio in libro de ordine rerum (fol. 107r-107v) Liber de ordine rerum (fol. 107v-140v). 5. Retractatio de quantitate animae (fol. 140v-141r). Liber de quantitate animae (fol. 141r-175r). 6. Retractatio de immortalitate animae (175r-175v). Liber de immortalitate animae (fol. 176r-184r). 7. Retractatio in libro Soliloquorum ad se ipsum (fol. 18r-185r). Liber soliloquorum (fol. 184v-204v). 8. Retractatio in libro de magistro (fol. 205r). Liber de magistro (fol. 205r-222v). 9. Sermo seu psalmus in cantilena psalmistae contra Donatistas abcdarium (fol. 223r-226v).</subfield>
    </datafield>
    <datafield tag="500" ind1=" " ind2=" ">
      <subfield code="a">Op fol. 95v en 96r staan "figurae nihili".</subfield>
    </datafield>
    <datafield tag="500" ind1=" " ind2=" ">
      <subfield code="a">Fol. 105-106 zijn blanko.</subfield>
    </datafield>
    <datafield tag="524" ind1=" " ind2=" ">
      <subfield code="a">Te citeren als: Universiteitsbibliotheek Utrecht Hs. 62.</subfield>
    </datafield>
    <datafield tag="563" ind1=" " ind2=" ">
      <subfield code="a">Blind gestempelde leren band met 4 knoppen (van de oorspr. 10) en 2 messing muiters, met leeshulpen (klavieren).</subfield>
    </datafield>
    <datafield tag="581" ind1=" " ind2=" ">
      <subfield code="a">[P.A. Tiele], Catalogus codicum manu scriptorum Bibliothecae Universitatis Rheno-Trajectinae. I. Trajecti ad Rhenum / Hagae Comitis 1887. p. 17-18.</subfield>
    </datafield>
    <datafield tag="581" ind1=" " ind2=" ">
      <subfield code="a">J.P. Gumbert, Die Utrechter Kartäuser und ihre Bücher im frühen fünfzehnten Jahrhundert. Leiden 1974. p. 190.</subfield>
    </datafield>
    <datafield tag="581" ind1=" " ind2=" ">
      <subfield code="a">M.Th. Wieser, Die handschriftliche Überlieferung der Werke des heiligen Augustinus VIII.1: Belgien, Luxembourg und Niederlande. Werkverzeichnis. Wien 2000 (= Sitzungsberichte der Österreichische Akademie der Wissenschaften. Phil.-Hist. Klasse 685) p. 40, 91, 108, 121, 130, 135, 145, 149, 166.</subfield>
    </datafield>
    <datafield tag="581" ind1=" " ind2=" ">
      <subfield code="a">M. Th. Wieser, Die Handschriftliche Überlieferung der Werke des heiligen Augustinus Bd. VIII/2. Belgien, Luxemburg und Niederlande. Verzeichnis nach Bibliotheken. Wien 2000 (= Sitzungsberichte der Österreichische Akademie der Wissenschaften. Phil.-Hist. Klasse 685) p. 30.</subfield>
    </datafield>
    <datafield tag="530" ind1=" " ind2=" ">
      <subfield code="a">Also available in online version.</subfield>
    </datafield>
    <datafield tag="655" ind1=" " ind2="7">
      <subfield code="a">Handschriften (vorm)</subfield>
      <subfield code="0">(NL-LeOCL)088143309.</subfield>
      <subfield code="2">gtt</subfield>
    </datafield>
    <datafield tag="710" ind1="2" ind2=" ">
      <subfield code="a">Regulierenklooster (Utrecht)</subfield>
      <subfield code="e">former owner.</subfield>
      <subfield code="4">fmo</subfield>
      <subfield code="5">NL-UtRU</subfield>
    </datafield>
    <datafield tag="758" ind1=" " ind2=" ">
      <subfield code="a">Opuscula UBU Hs. 62 (Text)</subfield>
      <subfield code="1">https://id.oclc.org/worldcat/entity/E39PD3Bh7hmFMHrcxMdhGrphpd</subfield>
      <subfield code="4">https://id.oclc.org/worldcat/ontology/hasWork</subfield>
    </datafield>
    <datafield tag="776" ind1="0" ind2="8">
      <subfield code="i">Online version:</subfield>
      <subfield code="a">Augustinus, Aurelius</subfield>
      <subfield code="t">Opuscula.</subfield>
      <subfield code="d">[Utrecht?], 1440-1460.</subfield>
    </datafield>
    <datafield tag="856" ind1="4" ind2="1">
      <subfield code="u">http://objects.library.uu.nl/reader/resolver.php?obj=002302339&amp;type=2</subfield>
      <subfield code="x">Online</subfield>
      <subfield code="z">Full Text</subfield>
    </datafield>
    <datafield tag="936" ind1=" " ind2=" ">
      <subfield code="a">BATCHLOAD</subfield>
    </datafield>
  </record>